The Great Gatsby Multiple Choice - Statistics

General Stats
  • This quiz has been taken 744 times
  • The average score is 13 of 15
Answer Stats
Question Answer % Correct
Who is the narrator of the book? Nick Carraway
97%
What relation are Nick and Daisy? Cousins
96%
What is the fate of Myrtle Wilson? Struck dead by Gatsby's car
93%
What is Gatsby's original birth name? James Gatz
91%
True or False? Tom Buchanan is regarded as a timid man of small stature. False
90%
Who killed Jay Gatsby? George Wilson
90%
What does Nick go to New York in order to study and learn as a profession? Stocks and bonds
90%
Who stars as Gatsby in the 2013 film directed by Baz Luhrmann? Leonardo DiCaprio
88%
Where do Nick and Gatsby live? West Egg
86%
True or False? Gatsby's demise was the gossip of New York City and his funeral was one of the largest attended events of that decade False
84%
What sport was Jordan Baker renowned for? Golf
84%
Which city did Daisy grow up in and first meet Gatsby? Louisville
78%
What was the main source of Gatsby's great wealth? Bootlegging alcohol during Prohibition
77%
What did Meyer Wolfsheim allegedly do? Fix the 1919 World Series
74%
Who did Daisy ultimately admit to loving? Both of them
61%
No matching quizzes found
Score Distribution
Percent of People with Each Score
Percentile by Number Answered
Your Score History
You have not taken this quiz